Statistics for 10 countrys with the most people

Click here to take the quiz!

General Stats

  • This quiz has been taken 13 times
  • The average score is 7 of 10

Answer Stats

HintAnswer% Correct
1 439 331 pplChina
100%
331 004 pplUSA
100%
211 559 pplBrazil
83%
126 933 pplMexico
83%
1 380 009 pplIndia
75%
164 689 pplBangladesh
58%
273 524 pplIndonesia
58%
205 140 pplNigeria
58%
220 892 pplpakistan
58%
145 934 pplRussia
58%

Score Distribution

Percentile by Number Answered

Percent of People with Each Score

Your Score History

You have not taken this quiz